banner koha

A cultura da pêra (Registro n. 295872)

MARC details
000 -LÍDER
campo de controle de tamanho fixo 01422nac a22005297a 4500
001 - NÚMERO DE CONTROLE
campo de controle BR0707470
003 - IDENTIFICADOR DO NÚMERO DE CONTROLE
campo de controle BR-BrBNA
005 - DATA E HORÁRIO DA ÚLTIMA TRANSAÇÃO
campo de controle 20240105123529.0
008 - CAMPO DE DADOS FIXOS--INFORMAÇÃO GERAL
campo de controle de tamanho fixo 230509b bl.|||m| |||| 00| 0 por d
040 ## - FONTE DA CATALOGAÇÃO
Instituição da catalogação original BR-BrBNA
Idioma da catalogação por
Instituição que transcreveu o registro Biblioteca Nacional de Agricultura
072 ## - CÓDIGO DE CATEGORIA DE ASSUNTO
Código de Categoria de Assunto F01
090 ## - NÚMERO DE CHAMADA LOCAL
Número de chamada 0718 BR0707470
100 1# - ENTRADA PRINCIPAL--NOME PESSOAL
Nome pessoal Nakasu, B.H.
100 1# - ENTRADA PRINCIPAL--NOME PESSOAL
Nome pessoal Herter, F.G.
100 1# - ENTRADA PRINCIPAL--NOME PESSOAL
Nome pessoal Camelatto, D.
100 1# - ENTRADA PRINCIPAL--NOME PESSOAL
Nome pessoal Reisser Júnior, C.
100 1# - ENTRADA PRINCIPAL--NOME PESSOAL
Nome pessoal Fortes, J.F.
100 1# - ENTRADA PRINCIPAL--NOME PESSOAL
Nome pessoal Castro, L.A.S. de
100 1# - ENTRADA PRINCIPAL--NOME PESSOAL
Nome pessoal Raseira, A.
100 1# - ENTRADA PRINCIPAL--NOME PESSOAL
Nome pessoal Freire, C.J. da S.
100 1# - ENTRADA PRINCIPAL--NOME PESSOAL
Nome pessoal Basso, C.
100 1# - ENTRADA PRINCIPAL--NOME PESSOAL
Nome pessoal Faoro, I.
100 1# - ENTRADA PRINCIPAL--NOME PESSOAL
Nome pessoal Petri, J.L.
100 1# - ENTRADA PRINCIPAL--NOME PESSOAL
Nome pessoal Leite, G.B.
100 1# - ENTRADA PRINCIPAL--NOME PESSOAL
Nome pessoal Pereira, J.F.M.
100 1# - ENTRADA PRINCIPAL--NOME PESSOAL
Nome pessoal Cantillano, R.F.F.
100 1# - ENTRADA PRINCIPAL--NOME PESSOAL
Nome pessoal Veríssimo, V.
100 1# - ENTRADA PRINCIPAL--NOME PESSOAL
Nome pessoal Simões, F.
110 1# - ENTRADA PRINCIPAL--NOME CORPORATIVO
Nome corporativo ou nome da jurisdição EMBRAPA Clima Temperado, Pelotas, RS (Brasil)
245 1# - TÍTULO
Título A cultura da pêra
260 3# - PUBLICAÇÃO, DISTRIBUIÇÃO, ETC.
Local de publicação, distribuição, etc. Brasília, DF (Brasil):
Nome do editor, distribuidor, etc. EMBRAPA Informação Tecnológica,
Data da publicação, distribuição, etc. 2007.
300 ## - DESCRIÇÃO FÍSICA
Extensão 58 p.
490 ## - TÍTULO DA SÉRIE
Título da série Coleção Plantar (Brazil)
Número do volume ou designação sequencial da série no. 58
ISSN - International Standard Serial Number
650 ## - ASSUNTO--TERMO TÓPICO
Cabeçalho tópico ou nome geográfico PÊRA
650 ## - ASSUNTO--TERMO TÓPICO
Cabeçalho tópico ou nome geográfico VARIEDADE
650 ## - ASSUNTO--TERMO TÓPICO
Cabeçalho tópico ou nome geográfico POLINIZAÇÃO
650 ## - ASSUNTO--TERMO TÓPICO
Cabeçalho tópico ou nome geográfico SOLO
650 ## - ASSUNTO--TERMO TÓPICO
Cabeçalho tópico ou nome geográfico CALAGEM
650 ## - ASSUNTO--TERMO TÓPICO
Cabeçalho tópico ou nome geográfico ADUBAÇÃO
650 ## - ASSUNTO--TERMO TÓPICO
Cabeçalho tópico ou nome geográfico QUEBRA DA DORMÊNCIA
650 ## - ASSUNTO--TERMO TÓPICO
Cabeçalho tópico ou nome geográfico DOENÇA DE PLANTA
650 ## - ASSUNTO--TERMO TÓPICO
Cabeçalho tópico ou nome geográfico CLIMA
650 ## - ASSUNTO--TERMO TÓPICO
Cabeçalho tópico ou nome geográfico COLHEITA
650 ## - ASSUNTO--TERMO TÓPICO
Cabeçalho tópico ou nome geográfico COMERCIALIZAÇÃO
909 ## -
-- 202312
-- Lúcia Elande
-- 55
-- Lúcia Elande
942 ## - ELEMENTOS DE ENTRADA ADICIONADOS (KOHA)
Fonte da classificação ou esquema de arquivamento na estante Classificação AGRIS
Ocultar no OPAC Não
Tipo de material Koha Monografia Seriada
Exemplares
Situação do descarte Fonte da classificação ou esquema de arquivamento na estante Situação física Não pode ser emprestado Coleção Biblioteca de origem Biblioteca atual Localização na estante Total de empréstimos Número de telefone completo Código de barras Data de último acesso Tipo de material Koha Fonte de aquisição
  Classificação AGRIS       Biblioteca Nacional de Agricultura - Binagri Biblioteca Nacional de Agricultura - Binagri Agrobase - Acervo Geral   0718 BR0707470 0718 BR0707470 18/12/2023 Monografia Seriada Portaria Interministerial nº 164/94

BINAGRI

Telefone: (61)3218-2567/2388/3357/2097 - binagri@agro.gov.br

Ministério da Agricultura e Pecuária , Esplanada dos Ministérios, Bloco D, Anexo B, Brasília/DF, CEP: 70.043-900